000 00414nam a2200181Ia 4500
008 221030s9999 xx 000 0 und d
020 _a0071204113
041 _aEnglish
082 _a105.23
_bHam
100 _aC. Hamacher
245 0 _aComputer Organization
250 _a5th
260 _bMcGraw-Hill Pub.
_aNew Delhi
_c2002
300 _a805
650 _aComputers
700 _aZ. Vranesic
942 _cBK
999 _c1350
_d1350